000 00723nam a2200241 a 4500
999 _c4422
_d4422
003 PK-NaQUE
005 20251003121402.0
008 250106b ||||| |||| 00| 0 eng d
020 _a0073293490 (hardcover)
020 _a9780073293493 (hardcover)
040 _cQUEST
100 1 _aNilson, Arthur.
245 1 0 _aDesign of Concrete Structures
250 _a14th ed.
260 _a[S.l.] :
_bMcGraw-Hill Science/Engineering/Math,
_c2009.
300 _a816 p. ;
650 _aReinforced concrete construction
650 _aPrestressed concrete construction
700 1 _aDarwin, David.
700 1 _aDolan, Charles.
856 4 0 _uhttp://10.10.170.122:8080/browse/book/23395
_yDownload eBook
942 _cBK
_2ddc